Harvard historical monographs. (Record no. 1778)
[ view plain ]
| 000 -LEADER | |
|---|---|
| fixed length control field | 01865cas a2200541 a 4500 |
| 001 - CONTROL NUMBER | |
| control field | data |
| 005 - DATE AND TIME OF LATEST TRANSACTION | |
| control field | 20260322212117.0 |
| 008 - FIXED-LENGTH DATA ELEMENTS--GENERAL INFORMATION | |
| fixed length control field | data |
| 010 ## - LIBRARY OF CONGRESS CONTROL NUMBER | |
| LC control number | sn 95007729 |
| 015 ## - NATIONAL BIBLIOGRAPHY NUMBER | |
| National bibliography number | 011540095 |
| Source | dnb |
| 016 7# - NATIONAL BIBLIOGRAPHIC AGENCY CONTROL NUMBER | |
| Record control number | 011540095 |
| Source | DE-101 |
| 016 7# - NATIONAL BIBLIOGRAPHIC AGENCY CONTROL NUMBER | |
| Record control number | 255018-0 |
| Source | DE-600 |
| 016 7# - NATIONAL BIBLIOGRAPHIC AGENCY CONTROL NUMBER | |
| Record control number | 009199259 |
| Source | Uk |
| 019 ## - | |
| -- | 1231188238 |
| -- | 1231090189 |
| -- | 1231188238 |
| 022 0# - INTERNATIONAL STANDARD SERIAL NUMBER | |
| International Standard Serial Number | 0073-0521 |
| Source | 1 |
| 023 0# - CLUSTER ISSN | |
| Cluster ISSN | 0073-0521 |
| Source | 1 |
| 029 1# - OTHER SYSTEM CONTROL NUMBER (OCLC) | |
| OCLC library identifier | AU@ |
| System control number | 000000904570 |
| 029 1# - OTHER SYSTEM CONTROL NUMBER (OCLC) | |
| OCLC library identifier | HEBIS |
| System control number | 013135929 |
| 029 1# - OTHER SYSTEM CONTROL NUMBER (OCLC) | |
| OCLC library identifier | HEBIS |
| System control number | 054744024 |
| 029 1# - OTHER SYSTEM CONTROL NUMBER (OCLC) | |
| OCLC library identifier | ZWZ |
| System control number | 013430785 |
| 029 1# - OTHER SYSTEM CONTROL NUMBER (OCLC) | |
| OCLC library identifier | NZ1 |
| System control number | 14149416 |
| 029 1# - OTHER SYSTEM CONTROL NUMBER (OCLC) | |
| OCLC library identifier | NZ1 |
| System control number | 1544442 |
| 029 1# - OTHER SYSTEM CONTROL NUMBER (OCLC) | |
| OCLC library identifier | NLNZL |
| System control number | 9915444423502836 |
| 029 1# - OTHER SYSTEM CONTROL NUMBER (OCLC) | |
| OCLC library identifier | UKMGB |
| System control number | 009199259 |
| 035 ## - SYSTEM CONTROL NUMBER | |
| System control number | (OCoLC)1751803 |
| 040 ## - CATALOGING SOURCE | |
| Original cataloging agency | MUL |
| Language of cataloging | eng |
| Transcribing agency | MUL |
| Modifying agency | OCLCQ |
| -- | YUS |
| -- | OCL |
| -- | NYS |
| -- | NSD |
| -- | DLC |
| -- | IUL |
| -- | WAU |
| -- | OCLCQ |
| -- | HEBIS |
| -- | GBVCP |
| -- | OCLCQ |
| -- | OCLCF |
| -- | OCLCO |
| -- | OCL |
| -- | UKMGB |
| -- | OKS |
| -- | OCLCQ |
| -- | OCLCL |
| -- | OCLCQ |
| 042 ## - AUTHENTICATION CODE | |
| Authentication code | pcc |
| -- | pcc |
| 050 00 - LIBRARY OF CONGRESS CALL NUMBER | |
| Classification number | CLASSED SEPARATELY |
| 082 10 - DEWEY DECIMAL CLASSIFICATION NUMBER | |
| Classification number | 900 |
| Edition information | 12 |
| Real World Object URI | https://id.oclc.org/worldcat/ddc/E48wq7jdPxXjCKcWbGhyfThfCY |
| 210 0# - ABBREVIATED TITLE | |
| Abbreviated title | Harv. hist. monogr. |
| 222 #0 - KEY TITLE | |
| Key title | Harvard historical monographs |
| 245 00 - TITLE STATEMENT | |
| Title | Harvard historical monographs. |
| 260 ## - PUBLICATION, DISTRIBUTION, ETC. | |
| Place of publication, distribution, etc. | Cambridge : |
| Name of publisher, distributor, etc. | Harvard University Press, |
| Date of publication, distribution, etc. | 1932-1987. |
| 300 ## - PHYSICAL DESCRIPTION | |
| Extent | 74 volumes : |
| Other physical details | illustrations ; |
| Dimensions | 20-25 cm |
| 310 ## - CURRENT PUBLICATION FREQUENCY | |
| Current publication frequency | Irregular |
| 336 ## - CONTENT TYPE | |
| Content type term | text |
| Content type code | txt |
| Source | rdacontent |
| 337 ## - MEDIA TYPE | |
| Media type term | unmediated |
| Media type code | n |
| Source | rdamedia |
| 338 ## - CARRIER TYPE | |
| Carrier type term | volume |
| Carrier type code | nc |
| Source | rdacarrier |
| 362 0# - DATES OF PUBLICATION AND/OR SEQUENTIAL DESIGNATION | |
| Dates of publication and/or sequential designation | 1-v. 74. |
| 550 ## - ISSUING BODY NOTE | |
| Issuing body note | "Published under the direction of the Department of History from the income of the Robert Louis Stroock Fund." |
| 650 #0 - SUBJECT ADDED ENTRY--TOPICAL TERM | |
| Topical term or geographic name entry element | History. |
| 650 #7 - SUBJECT ADDED ENTRY--TOPICAL TERM | |
| Topical term or geographic name entry element | History. |
| Source of heading or term | fast |
| Authority record control number or standard number | (OCoLC)fst00958235 |
| 655 #7 - INDEX TERM--GENRE/FORM | |
| Genre/form data or focus term | History. |
| Source of term | fast |
| Authority record control number or standard number | (OCoLC)fst01411628 |
| 710 2# - ADDED ENTRY--CORPORATE NAME | |
| Corporate name or jurisdiction name as entry element | Harvard University. |
| Subordinate unit | Department of History. |
| 776 08 - ADDITIONAL PHYSICAL FORM ENTRY | |
| Relationship information | Online version: |
| Title | Harvard historical monographs |
| Record control number | (OCoLC)762149492 |
| 906 ## - LOCAL DATA ELEMENT F, LDF (RLIN) | |
| a | 7 |
| b | cbc |
| c | serials |
| d | u |
| e | ncip |
| f | 19 |
| g | n-oclcserc |
| Withdrawn status | Lost status | Damaged status | Not for loan | Home library | Current library | Shelving location | Date acquired | Total checkouts | Full call number | Barcode | Date last seen | Price effective from | Koha item type |
|---|---|---|---|---|---|---|---|---|---|---|---|---|---|
| Franklin | Franklin | General stacks | 22/03/2026 | 900 | LOC-FRL-00014 | 22/03/2026 | 22/03/2026 | Books |